Statystyki dla Największe miasto Począwszy od K w tym kraju

Kliknij tutaj aby rozwiązać quiz!

Ogólne statystyki

  • Ten quiz został rozwiązany 115 razy
    (114 od ostatniego zresetowania)
  • Średni wynik to 9 z 21

Statystyki odpowiedzi

KrajK Miasto% Poprawnych
UkrainaKijów
97%
EgiptKair
86%
AfganistanKabul
74%
NiemcyKolonia
73%
JamajkaKingston
72%
LitwaKowno
67%
D.R.KongaKinszasa
64%
NepalKatmandu
58%
RwandaKigali
40%
RosjaKazan
38%
UgandaKampala
36%
PakistanKaraczi
34%
IndieKolkata
29%
JaponiaKobe
26%
GruzjaKutaisi
20%
Stany ZjednoczoneKansas City
19%
NigeriaKano
12%
IrlandiaKilkenny
9%
IranKom
5%
Korea PółnocnaKaesong
3%
ChinyKunming
1%

Rozkład punktacji

Percentyl według liczby udzielonych odpowiedzi

Procent ludzi z każdym wynikiem

Twoja historia wyników

Nie rozwiązałeś tego quizu od ostatniego zresetowania